000 00554nam a22001577a 4500
003 OSt
005 20171010095534.0
008 121008t xxu||||| |||| 00| 0 eng d
040 _aMMSU
_cULS
100 _aAquino, Michael S., et al.
_913193
245 _aComputer-based fire alarm system
_cMichael S. Aquino, et al.
300 _axii, [72] leaves
_c28 cm.
500 _aThesis (BS Electronics & Communications Engineering) -- Mariano Marcos State University-College of Engineering, Batac City
504 _aBibliography: None
942 _2ddc
_cTHEDIS
999 _c9827
_d9827